000 01175cas a22003497ar4500
005 20230328104624.0
008 000517c1998 mx fr pernn 0 b1spa d
010 _a81162
011 _a82134
022 _a0186-3231
035 _a92620
040 _aUACH
245 0 0 _aRevista Chapingo :
_bSerie ingeniería Agropecuaria
_c/por UACH. Dirección de Difusión Cultural
260 0 _aChapingo, Méx. :
_bUACH. Dirección de Difusión Cultural,
_c1998-
300 _av.
310 _aSemestral
362 _av.1 n.2, 1998
590 _aBATCH-UPD
_b10
_c20130110
590 _aBATCH-UPD
_b10
_c20130410
590 _aBATCH-UPD
_b10
_c20130914
590 _aCONVERSION
_b10
_c20130109
650 1 4 _aIngeniería agrícola
_xPublicaciones periódicas.
_958205
780 _tRevista Chapingo : Serie Ingeniería Agrícola 1994-1996 y Revista Chapingo : Serie Zootecnia 1995.
866 _av. 2 n. 1 (1999)
866 _av. 2 n. 2 (1999)
866 _av. 3 n. 1 (2000) - v. 3 n. 2 (2000)
866 _av. 4 n. 1 (2001) - v. 7 n. 2 (2007)
866 _av.1 n.1-2 (1998)
901 _aSE
905 _aLilia Sánchez G.
942 _2ddc
999 _c81162
_d81162